Marvel Rivals: Venom Skins by Picture - Statistics

General Stats
  • This quiz has been taken 18 times
  • The average score is 4 of 8
Answer Stats
Picture Answer % Correct
Anti-Venom
87%
Hyper Orange
73%
Pink Bubble
73%
Cyan Clash
40%
Space Knight
40%
Lingering Imprint
27%
Reborn King in Black
27%
Snow Symbiote
27%
No matching quizzes found
Score Distribution
Percent of People with Each Score
Percentile by Number Answered
Your Score History
You have not taken this quiz